LEADER 01220nam a2200241 i 4500 001 000000183128 003 CaOOAMICUS 005 20091106000000.0 008 091106s2009 it u000 u ita u 013 $a161090 040 $aSeMil$bita 100 1 $aSpinelli, Ciro.$0(OLS)http://semarc/name/67448 245 10$aNella corrente del suo amore :$bchiesa e vita nello spirito nei discorsi di Paolo 6. /$cCiro Spinelli. 260 $aNapoli :$bPontificia Facoltą Teologica dell'Italia meridionale, sez. S. Tommaso d'Aquino,$c2009. 300 $a90 p. ;$c23 cm. 490 0 $aTesi di dottorato in teologia. Estratti ;$v32 650 4$aPaolo VI - Insegnamenti.$0(OLS)http://semarc/subject/17551 830 0$aTesi di dottorato in teologia. Estratti ;$v32.$0(OLS)http://semarc/title/520 850 $aSeMil 852 $aSeMil$W1$xVenegono$y1$m2I II 626$j133832$B133832$CSeMilBibl$Z2$F145559 $81 961 $aOmaggio: Altro 996 $6245$aNella corrente del suo amore :$bchiesa e vita nello spirito nei discorsi di Paolo 6.$9(OLS)http://semarc/title/262831 996 $6260$aNapoli :$bPontificia Facoltą Teologica dell'Italia meridionale, sez. S. Tommaso d'Aquino$9(OLS)http://semarc/publisher/29820 LEADER 01141nam a2200253 i 4500 001 000000183907 003 CaOOAMICUS 005 20191127125135.0 008 091209s1976 be u000 u afa u 013 $a161877 040 $aSeMil$bita 100 1 $aBeylot, Robert.$0(OLS)http://semarc/name/10124 245 10$a[Textus]. 300 $a81 p. 490 0 $aCorpus Scriptorum Christianorum Orientalium ;$vVol.377. . Scriptores Aethiopici ; Tomus 70 490 0 $aCorpus Scriptorum Christianorum Orientalium. Scriptores Aethiopici ;$v70 773 0 $aBeylot, Robert$tAbba Nabyud de Dabra Sihat.$dLouvain : CorpusSCO, 1976.$kCorpus Scriptorum Christianorum Orientalium. Scriptores Aethiopici$w()22591 830 0$aCorpus Scriptorum Christianorum Orientalium ;$v377.$0(OLS)http://semarc/title/77 830 0$aCorpus Scriptorum Christianorum Orientalium. Scriptores Aethiopici ;$v70.$0(OLS)http://semarc/title/20661 850 $aSeMil 852 $aSeMil$W1$xVenegono$y1$m2S III 377$j134603$B134603$CSeMilBibl$Z2$F146230 $81 961 $aOmaggio: Altro 996 $6245$a[Textus]$9(OLS)http://semarc/title/46827